000 00763nam a2200253Ia 4500
003 OSt
005 20220928110152.0
006 a|||||r|||| 00| 0
007 ta
008 220927b |||||||| |||| 00| 0 eng d
024 _a65934
037 _cTextual
040 _aSDCL
_cSDCL
_beng
041 _2eng
_aeng
082 _aX.2'P, P5
100 _aRao C H Hanumantha Ed.
_9418376
245 0 _aIndian economy and society in the era of globalisation and liberalisation.
260 _aNew Delhi
_bAcademic Foundation
_c2005
300 _a439p.
_ccm.
650 _aIndian Economy
_9418377
700 _a Bhattacharya B B Ed.
_9418378
942 _hX.2'P, P5
_cTEXL
_2CC
999 _c734374
_d734374